000 03487cam a22005538i 4500
999 _c27493
_d27493
001 9780203797501
003 FlBoTFG
005 20240802120416.0
006 m do | |
007 cr |||||||||||
008 200207s2020 enk ob 001 0 eng
020 _a9780203797501
_q(ebk)
020 _a0203797507
_q(ebk)
020 _a9781136001604
_q(electronic bk. : Mobipocket)
020 _a1136001603
_q(electronic bk. : Mobipocket)
020 _a9781136001444
_q(electronic bk. : PDF)
020 _a1136001441
_q(electronic bk. : PDF)
020 _a9781136001529
_q(electronic bk. : EPUB)
020 _a1136001522
_q(electronic bk. : EPUB)
020 _z9780415870023
_q(hbk)
020 _z9780415870030
_q(pbk)
035 _a(OCoLC)1145096004
035 _a(OCoLC-P)1145096004
040 _aOCoLC-P
_beng
_erda
_cOCoLC-P
050 0 0 _aHE551
072 7 _aBUS
_x000000
_2bisacsh
072 7 _aBUS
_x041000
_2bisacsh
072 7 _aBUS
_x069020
_2bisacsh
072 7 _aKCL
_2bicssc
082 0 0 _a387.1068
_223
100 1 _aLangen, Peter W. de,
_eauthor.
245 1 0 _aTowards a better port industry :
_bport development, management and policy /
_cPeter W. de Langen.
264 1 _aAbingdon, Oxon ;
_aNew York, NY :
_bRoutledge,
_c2020.
300 _a1 online resource
336 _atext
_btxt
_2rdacontent
337 _acomputer
_bn
_2rdamedia
338 _aonline resource
_bnc
_2rdacarrier
520 _a"Towards a Better Port Industry provides professionals in freight transport and maritime logistics, and specifically the port industry, as well as students in these fields with a better conceptual understanding of the port industry. It includes key insights and best practices for port management and development, and an overview of new trends and developments relevant for developing winning strategies. After an introduction, chapter 2 offers a new perspective on port governance, in which public interests, corporatisation, state-ownership, and shareholder policies take a central role. Chapter 3 explains how new trends and developments affect port development and argues that assuming 'business as usual' often leads to major port development mistakes. Chapter four deals with port development and discusses all major port development challenges, including granting concessions, developing a port vision, crafting stakeholder support, choosing port performance indicators and creating a port innovation system. The final chapter deals with port development strategies and includes themes such as strategies of port development companies, pricing and business development. This book will broaden professionals' conceptual understanding of the ports industry, and provide insights on the latest developments in this area. For students, this book provides an industry-focused and non-technical 'essential reading' for gaining a deep understanding of the ports industry"--
_cProvided by publisher.
588 _aOCLC-licensed vendor bibliographic record.
650 0 _aHarbors
_xManagement.
650 0 _aFreight and freightage.
650 0 _aShipping.
650 7 _aBUSINESS & ECONOMICS / General
_2bisacsh
650 7 _aBUSINESS & ECONOMICS / Management
_2bisacsh
650 7 _aBUSINESS & ECONOMICS / International / Economics
_2bisacsh
856 4 0 _3Taylor & Francis
_uhttps://www.taylorfrancis.com/books/9780203797501
856 4 2 _3OCLC metadata license agreement
_uhttp://www.oclc.org/content/dam/oclc/forms/terms/vbrl-201703.pdf
942 _2ddc
_cEBK